01332cam a22003738a 450000100090000000300040000900500170001300800410003001000170007102000180008802000180010603500200012404000180014404200080016205000130017006000150018308200210019810000220021924500600024124600510030125000580035226000680041026300090047830000340048750001170052150400510063865000390068965000570072865000210078565000220080670000290082870000260085770000750088314444247OSt20150408114046.0120623s2007 stk f b 001 0 eng  a 2006049073 a9780443102974 a9780443102981 a(DNLM)101281977 aDNLM/DLCcDLC apcc00b.A3 200710bH199a 200700a617.15 H D A2221 aHamblen, David L.10aAdams's outline of fractures, including joint injuries.30aOutline of fractures, including joint injuries a12th ed. /bDavid L. Hamblen, A. Hamish R.W. Simpson. aEdinburgh ;aNew York :bChurchill Livingstone Elsevier,c2007. a0702 avi, 328 p. :bill. ; c22 cm. aRev. ed. of: Outline of fractures, including joint injuries / John Crawford Adams, David Hamblen. 11th ed. 1999. aIncludes bibliographical references and index. 4aFracturesvOutlines, syllabi, etc. 4aJointsxWounds and injuriesvOutlines, syllabi, etc. 4aFractures, Bone. 4aJointsxinjuries.1 aSimpson, A. Hamish R. W.1 aAdams, John Crawford.1 aAdams, John Crawford.tOutline of fractures, including joint injuries.